| 000 | 00734nam a2200229 i 4500 | ||
|---|---|---|---|
| 001 | 51658 | ||
| 003 | ES-MaACL | ||
| 005 | 20250808011424.0 | ||
| 007 | t| | ||
| 008 | 030814s1977 sp ||||1| spa d | ||
| 100 | 1 |
_aChatelain, Maurice. _938184 |
|
| 245 | 1 | 0 |
_aNuestros ascendientes llegados del cosmos / _cMaurice Chatelain ; [traducción de Ramón Margalef]. |
| 250 | _a[1ª ed.]. | ||
| 260 |
_a[Esplugas de Llobregat] : _bPlaza & Janés, _c[1977] |
||
| 300 |
_a296 p., 16 lám. ; _c23 cm. |
||
| 490 | 1 | _aOtros mundos | |
| 650 | 0 | 7 |
_aVida en otros planetas _2embne _917792 |
| 700 | 1 |
_aMargalef Llambrich, Ramón. _976609 |
|
| 830 | 0 |
_aOtros mundos _9181412 |
|
| 852 |
_aES-MaACL _jA-6697 |
||
| 999 |
_c51658 _d51658 |
||